Tous les pays commençant par C. - Statistiques

Statistiques générales
  • Ce quiz a été pris 384 fois
  • Le résultat moyen est 11 sur 15
Statistiques - réponses
Réponse % Correct
Canada
89%
Chine
87%
Chili
86%
Colombie
84%
Croatie
81%
Cameroun
71%
Corée du Nord
71%
Corée du Sud
71%
Cuba
69%
Chypre
67%
Cambodge
65%
Costa Rica
61%
Comores
55%
Côte d'ivoire
47%
Cap-Vert
46%
Aucun quiz correspondant
Distribution des résultats
% des personnes avec chaque résultat
Percentile par nombre de réponses
Votre historique - résultats
Vous n’avez pas pris ce quiz